Pays de la Coupe du monde de rugby 2027. - Statistiques

Statistiques générales
  • Ce quiz a été pris 102 fois
  • Le résultat moyen est 21 sur 24
Statistiques - réponses
Nations % Correct
Angleterre
100%
France
100%
Irlande
100%
Italie
99%
Nouvelle-Zélande
99%
Afrique du Sud
99%
Écosse
98%
Australie
98%
Fidji
98%
Pays de Galles
98%
Japon
97%
Argentine
96%
Portugal
96%
Samoa
93%
Espagne
93%
Etats-Unis
90%
Canada
83%
Tonga
80%
Uruguay
80%
Chili
73%
Géorgie
70%
Roumanie
65%
Zimbabwe
48%
Hong Kong
39%
Aucun quiz correspondant
Distribution des résultats
% des personnes avec chaque résultat
Percentile par nombre de réponses
Votre historique - résultats
Vous n’avez pas pris ce quiz